| 000 | 01337cam a22003254a 4500 | ||
|---|---|---|---|
| 090 | _c0 | ||
| 001 | 12316988 | ||
| 005 | 20020618103730.0 | ||
| 008 | 010221s2002 inua 000 0 eng | ||
| 010 | _a2001087886 | ||
| 020 | _a0789725673 | ||
| 040 |
_aDLC _cDLC _dDLC |
||
| 042 | _apcc | ||
| 050 | 0 | 0 |
_aQA76.73.J38 _bC385 2002 |
| 082 | 0 | 0 |
_a005.133 _221 _bCAV |
| 100 | 1 | _aCavaness, Chuck. | |
| 245 | 1 | 0 |
_aUsing Enterprise JavaBeans 2.0 / _cChuck Cavaness, Brian Keeton. |
| 246 | 3 | 0 | _aEnterprise JavaBeans 2.0 |
| 250 | _aSpecial ed. | ||
| 260 |
_aIndianapolis, Ind. : _bQue, _cc2002. |
||
| 300 |
_axii, 628 p. : _bill. ; _c24 cm. + _e1 CD-ROM (4 3/4 in.) |
||
| 500 | _aIncludes index. | ||
| 630 | 0 | 0 | _aJavaBeans. |
| 650 | 0 | _aJava (Computer program language) | |
| 700 | 1 | _aKeeton, Brian. | |
| 942 |
_2ddc _cBB |
||
| 999 |
_c10734 _d10734 |
||